Floresta espiritual para amenizar convenientemente la oratoria sagrada y para lectura piadosa

Gorde:
Xehetasun bibliografikoak
Egile nagusia: Ojea y Márquez, Santiago D. (autor)
Formatua: Liburua
Hizkuntza:gaztelania
Argitaratua: Madrid Nueva Imprenta de San Francisco de Sales 1908
Edizioa:1a. ed
Gaiak:
Etiketak: Etiketa erantsi
Etiketarik gabe, Izan zaitez lehena erregistro honi etiketa jartzen!

MARC

LEADER 00000cam a2200000 a 4500
001 UCE9866
003 CL-VaPUC
008 151106e19080000sp |||||||||||||||||spa|d
082 0 4 |a 264  |b OJE  |2 21 
100 |a Ojea y Márquez, Santiago D.  |e autor  |9 582831 
245 1 0 |a Floresta espiritual para amenizar convenientemente la oratoria sagrada y para lectura piadosa 
250 |a 1a. ed 
300 |a 589 p 
942 |c BK 
945 |d 20151106 14:16:00  |a gsalatino 
260 |a Madrid  |b Nueva Imprenta de San Francisco de Sales  |c 1908 
650 0 |a Oratoria  |9 307605 
650 0 |a Misal  |9 508022 
650 7 |a SERMONES  |2 CL-VaPUC  |9 317687 
583 |a last modification  |c 20151106 14:16:00  |k Rodrigo Vera 
999 |c 361509  |d 361507 
952 |0 0  |1 0  |3 erd  |4 0  |6 264_000000000000000_OJE_1908  |7 0  |8 P  |9 472072  |a BIBTEO  |b BIBTES  |c TEO_FTES  |h v.1  |i 520870K  |o 264 OJE 1908  |p 520870K  |r 2024-01-18  |w 2019-11-24  |y BK  |z Catalogado en:20151106  |k ICR